Introduction to Heat Transfer / (Record no. 3029)

000 -LEADER
fixed length control field 00458nam a22001577a 4500
008 - FIXED-LENGTH DATA ELEMENTS--GENERAL INFORMATION
fixed length control field 200319b ||||| |||| 00| 0 eng d
082 00 - DEWEY DECIMAL CLASSIFICATION NUMBER
Classification number 536.2
Item number B87717
100 ## - MAIN ENTRY--PERSONAL NAME
9 (RLIN) 2621
Personal name Brown, Aubrey I.
245 10 - TITLE STATEMENT
Title Introduction to Heat Transfer /
250 ## - EDITION STATEMENT
Edition statement 3rd ed.
260 ## - PUBLICATION, DISTRIBUTION, ETC. (IMPRINT)
Place of publication, distribution, etc New York
Name of publisher, distributor, etc McGraw-Hill
Date of publication, distribution, etc 1958
300 ## - PHYSICAL DESCRIPTION
Extent xvi, 332 p.
650 #0 - SUBJECT ADDED ENTRY--TOPICAL TERM
Topical term or geographic name as entry element Heat Transmission
700 ## - ADDED ENTRY--PERSONAL NAME
9 (RLIN) 2622
Personal name Marco, Salvatore M.
942 ## - ADDED ENTRY ELEMENTS (KOHA)
Item type Books
Holdings
Withdrawn status Lost status Source of classification or shelving scheme Damaged status Not for loan Permanent location Current location Date acquired Full call number Barcode Date last seen Koha item type
          IMU Kolkata IMU Kolkata 1979-06-22 536.2 B87717 05117 2020-03-19 Books
Designed and Maintained by IMU-KC Library, Kolkata Campus © Copyright All Rights Reserved

webs counters

Powered by Koha